[Event "NK A Jeugd"]
[Site "Chess.com"]
[Date "2020.05.01"]
[Round "7"]
[White "Vlieger, Olaf"]
[Black "Heskes, Johan"]
[Result "1-0"]
[WhiteElo "1863"]
[BlackElo "1738"]
[PlyCount "89"]
[EventDate "2020.05.??"]

1. e4 e5 2. Nf3 f5 3. Nxe5 Qf6 4. Nc4 fxe4 5. Nc3 Qf7 6. d4 Nf6 7. Be3 d6 8.
Be2 Be6 9. Nd2 d5 10. Nb3 Bd6 11. Qd2 Nbd7 12. O-O-O a6 13. f3 exf3 14. Bxf3
O-O 15. Rdf1 c6 16. h4 b5 17. h5 a5 18. h6 g6 19. Rhg1 a4 20. Nc5 Nxc5 21. dxc5
Bg3 22. Kb1 b4 23. Ne2 Be5 24. Bd4 Bxd4 25. Nxd4 Ne4 26. Qe1 Nxc5 27. Bxd5 Qxf1
28. Rxf1 Bxd5 29. Nf3 b3 30. Qc3 Ne6 31. axb3 axb3 32. cxb3 Rfb8 33. Qe5 Rxb3
34. Ng5 Rab8 35. Nxe6 Rxb2+ 36. Qxb2 Rxb2+ 37. Kxb2 Bxe6 38. g3 Bd5 39. Kc3 Bg2
40. Rf6 Bd5 41. Kd4 Bh1 42. Kc5 Bd5 43. Kd6 Bh1 44. Ke7 Bd5 45. Rf8# 1-0

[Event "NK A Jeugd"]
[Site "Chess.com"]
[Date "2020.05.01"]
[Round "7"]
[White "Han, Yichen"]
[Black "Van Dael, Siem"]
[Result "1/2-1/2"]
[WhiteElo "2212"]
[BlackElo "2252"]
[PlyCount "96"]
[EventDate "2020.05.??"]

1. e4 e5 2. Nf3 Nc6 3. Bc4 Nf6 4. Ng5 d5 5. exd5 Na5 6. Bb5+ c6 7. dxc6 bxc6 8.
Bd3 Nd5 9. h4 Nf4 10. Bf1 h6 11. Ne4 f5 12. Nec3 Bc5 13. d3 O-O 14. g3 Nd5 15.
Bg2 f4 16. gxf4 Nxf4 17. Bxf4 Rxf4 18. Ne4 Bg4 19. Qd2 Bb6 20. Nbc3 Rb8 21. Na4
Qd4 22. Nxb6 Qxb2 23. O-O axb6 24. Qc3 Qxc3 25. Nxc3 Bd7 26. Rfe1 Rbf8 27. Rxe5
Rxf2 28. Re2 Rxe2 29. Nxe2 Nb7 30. Rb1 b5 31. a4 Nd6 32. Nd4 Rf4 33. Nxc6 bxa4
34. Ne5 Bf5 35. Rb8+ Kh7 36. Bd5 g5 37. hxg5 hxg5 38. Rb6 Nc8 39. Ra6 Kg7 40.
Nc6 Bh3 41. c4 Bf5 42. d4 Bd7 43. Ne5 Bf5 44. Nc6 Bd7 45. c5 Bxc6 46. Bxc6 Rxd4
47. Rxa4 Rxa4 48. Bxa4 Ne7 1/2-1/2

[Event "NK A Jeugd"]
[Site "Chess.com"]
[Date "2020.05.01"]
[Round "7"]
[White "Shakhverdian, William"]
[Black "Van Roon, Sjoerd"]
[Result "0-1"]
[WhiteElo "2071"]
[BlackElo "2309"]
[PlyCount "68"]
[EventDate "2020.05.??"]

1. d4 Nf6 2. c4 g6 3. Nc3 Bg7 4. e4 O-O 5. h3 d6 6. Be3 Nbd7 7. g4 e5 8. d5 a5
9. Nge2 h5 10. Ng3 h4 11. Nge2 Nh7 12. Qd2 Bf6 13. O-O-O Bg5 14. Bg2 Nc5 15.
Kc2 a4 16. Rhf1 Bxe3 17. Qxe3 b5 18. Nxb5 Ba6 19. Nec3 Rb8 20. f4 exf4 21. Qxf4
Ng5 22. e5 dxe5 23. Qxe5 Bxb5 24. Nxb5 Re8 25. Qd4 Re2+ 26. Rd2 Qe7 27. Rf2 Re1
28. d6 cxd6 29. Nc3 a3 30. b3 Qa7 31. Nb5 Qa5 32. Qxd6 Rc8 33. Bc6 Nge4 34. Qd7
Nxd7 0-1

[Event "NK A Jeugd"]
[Site "Chess.com"]
[Date "2020.05.01"]
[Round "7"]
[White "Qi, Zimo"]
[Black "Hilwerda, Jonas"]
[Result "1-0"]
[WhiteElo "1798"]
[BlackElo "2223"]
[PlyCount "121"]
[EventDate "2020.05.??"]

1. d4 Nf6 2. c4 g6 3. Nc3 Bg7 4. e4 d6 5. Nf3 O-O 6. Be2 e5 7. O-O Nc6 8. dxe5
dxe5 9. Qxd8 Rxd8 10. Bg5 Nd4 11. Nxd4 Rxd4 12. Be3 Rd8 13. Nd5 Ne8 14. Ne7+
Kf8 15. Bc5 Nd6 16. Nxc8 Raxc8 17. f3 Ke7 18. Bxa7 b6 19. c5 Nb7 20. cxb6 cxb6
21. Bxb6 Rd2 22. Ba6 Rcc2 23. Rf2 Rxf2 24. Bxf2 Rxb2 25. Bxb7 Rxb7 26. a4 Kd7
27. a5 Bf8 28. a6 Rb8 29. a7 Ra8 30. Kf1 Kc6 31. Ke2 Bd6 32. Kd3 Bc7 33. g4 f6
34. h4 h6 35. Kc4 g5 36. hxg5 hxg5 37. Ra6+ Kb7 38. Rxf6 Rd8 39. Rg6 Rf8 40.
Rxg5 Rxf3 41. Rg8 Ra3 42. a8=Q+ Rxa8 43. Rxa8 Kxa8 44. Kd5 Kb7 45. Bg3 Kc8 46.
Bxe5 Ba5 47. Ke6 Kd8 48. Kf7 Bd2 49. Bf6+ Kd7 50. e5 Kc8 51. g5 Kd7 52. g6 Bh6
53. g7 Bxg7 54. Bxg7 Kc8 55. e6 Kb7 56. e7 Kc7 57. e8=Q Kb6 58. Bd4+ Kb7 59.
Qd7+ Ka6 60. Qc6+ Ka5 61. Bc3# 1-0

[Event "NK A Jeugd"]
[Site "Chess.com"]
[Date "2020.05.01"]
[Round "7"]
[White "Grutter, Tim"]
[Black "De Boer, Eelke"]
[Result "0-1"]
[WhiteElo "2192"]
[BlackElo "1977"]
[PlyCount "60"]
[EventDate "2020.05.??"]

1. e4 e6 2. d4 d5 3. Nd2 Nf6 4. e5 Nfd7 5. Bd3 c5 6. c3 Nc6 7. Ne2 cxd4 8. cxd4
f6 9. exf6 Nxf6 10. Nf3 Bd6 11. O-O O-O 12. Bf4 Nh5 13. Bxd6 Qxd6 14. Qd2 Bd7
15. a3 Rxf3 16. gxf3 Rf8 17. Ng3 Nf4 18. Bc2 e5 19. dxe5 Nxe5 20. Bd1 Qh6 21.
Kh1 Qh3 22. Rg1 Rf6 23. Qe3 Ned3 24. Nf1 Qh4 25. Rg3 Re6 26. Qd4 g6 27. Bc2 Ne5
28. Nd2 Nc6 29. Qa4 Re5 30. Rag1 Qxh2+ 0-1

[Event "NK A Jeugd"]
[Site "Chess.com"]
[Date "2020.05.01"]
[Round "7"]
[White "Van Randtwijk, Mick"]
[Black "Emans, Job"]
[Result "1-0"]
[WhiteElo "2063"]
[BlackElo "1936"]
[PlyCount "65"]
[EventDate "2020.05.??"]

1. e4 e5 2. Nf3 Nc6 3. Bb5 a6 4. Ba4 Nf6 5. d3 Bc5 6. O-O d6 7. c3 Bg4 8. Nbd2
Qd7 9. h3 Bh5 10. Re1 O-O 11. Nf1 b5 12. Bc2 Rfe8 13. Ng3 Bg6 14. Nh4 d5 15.
Nhf5 dxe4 16. dxe4 Rad8 17. Bg5 Qxd1 18. Raxd1 b4 19. Ba4 Rxd1 20. Rxd1 Rd8 21.
Rc1 Ne7 22. cxb4 Bxb4 23. Rxc7 Bxf5 24. exf5 h6 25. Bxf6 gxf6 26. Rb7 a5 27. a3
Bd6 28. Bb3 Rc8 29. Ne4 Rc1+ 30. Kh2 Nxf5 31. Rxf7 Nd4 32. Nxf6+ Kh8 33. Rh7#
1-0

[Event "NK A Jeugd"]
[Site "Chess.com"]
[Date "2020.05.01"]
[Round "7"]
[White "Arnold, Kiri"]
[Black "De Winter, Arthur"]
[Result "0-1"]
[WhiteElo "1735"]
[BlackElo "2406"]
[PlyCount "68"]
[EventDate "2020.05.??"]

1. e4 c5 2. Nc3 Nc6 3. Nf3 e6 4. d4 cxd4 5. Nxd4 Nf6 6. g3 Bb4 7. Bg2 O-O 8.
O-O d6 9. Be3 Ne5 10. h3 Nc4 11. Bc1 a6 12. Qd3 Qc7 13. a3 Ne5 14. Qd2 Ba5 15.
b4 Bb6 16. Nce2 Nc4 17. Qd3 Nd7 18. Nf3 Nde5 19. Nxe5 Nxe5 20. Qb3 Bd7 21. Bf4
Bb5 22. Rfe1 Rac8 23. Rac1 Qc4 24. Qb2 Ng6 25. Bxd6 Rfd8 26. e5 Bc7 27. Bxc7
Rxc7 28. Bf1 Rd2 29. Nf4 Qc6 30. Bg2 Qb6 31. Re3 Ne7 32. Bf1 Nf5 33. Rf3 Bc6
34. Rd3 Qxf2# 0-1

[Event "NK A Jeugd"]
[Site "Chess.com"]
[Date "2020.05.01"]
[Round "7"]
[White "Duson, Robin"]
[Black "Van Foreest, Nanne"]
[Result "1-0"]
[WhiteElo "1944"]
[BlackElo "1886"]
[PlyCount "83"]
[EventDate "2020.05.??"]

1. d4 d5 2. c4 e6 3. Nc3 Nf6 4. cxd5 exd5 5. Bg5 Be7 6. e3 O-O 7. Bd3 h6 8. Bh4
c6 9. Qc2 Na6 10. a3 Nc7 11. Nf3 Re8 12. O-O Ne4 13. Bxe7 Qxe7 14. Ne5 Nxc3 15.
bxc3 f6 16. Bh7+ Kf8 17. Ng6+ Kf7 18. Nxe7 Kxe7 19. e4 Be6 20. exd5 Bxd5 21.
Rfe1+ Kd7 22. Bf5+ Be6 23. Bxe6+ Nxe6 24. Qf5 Re7 25. d5 cxd5 26. Rad1 Rd8 27.
Rxd5+ Ke8 28. Rxd8+ Nxd8 29. Rxe7+ Kxe7 30. Qc5+ Kf7 31. Qc7+ Ke8 32. c4 Ne6
33. Qxb7 Nd8 34. Qxg7 Ne6 35. Qxf6 Nd8 36. c5 Kd7 37. Qd6+ Kc8 38. c6 a5 39.
Qd7+ Kb8 40. c7+ Kb7 41. cxd8=Q+ Ka6 42. Qc6+ 1-0

[Event "NK B Jeugd"]
[Site "Chess.com"]
[Date "2020.05.01"]
[Round "1"]
[White "Boghossian, Wahe"]
[Black "Albers, Sasa"]
[Result "0-1"]
[WhiteElo "1723"]
[BlackElo "2083"]
[PlyCount "82"]
[EventDate "2020.05.??"]

1. e4 c6 2. d4 d5 3. e5 c5 4. c3 Nc6 5. Nf3 cxd4 6. cxd4 Bg4 7. Bb5 e6 8. Bxc6+
bxc6 9. h3 Bxf3 10. Qxf3 Ne7 11. Nd2 Nf5 12. Nb3 Bb4+ 13. Bd2 Bxd2+ 14. Kxd2
Qb6 15. Qc3 O-O 16. g4 Ne7 17. Nc5 Rfc8 18. f4 a5 19. b3 Ra7 20. Rhf1 g6 21.
Rf2 Qd8 22. Raf1 a4 23. bxa4 Rb8 24. f5 exf5 25. gxf5 Nxf5 26. Rxf5 gxf5 27.
Rxf5 Qh4 28. Rf3 Kh8 29. Kd3 Rg8 30. Kc2 Rg2+ 31. Kb3 Ra8 32. Qb4 Rg3 33. Rxg3
Qxg3+ 34. Qc3 Rb8+ 35. Kc2 Qf2+ 36. Kd3 Rg8 37. Qd2 Qf3+ 38. Qe3 Qd1+ 39. Kc3
Qa1+ 40. Kb3 Rb8+ 41. Ka3 Qb2# 0-1

[Event "NK B Jeugd"]
[Site "Chess.com"]
[Date "2020.05.01"]
[Round "1"]
[White "Cchung, Nyuk Lyn"]
[Black "Bakija, Alan"]
[Result "1-0"]
[WhiteElo "2049"]
[BlackElo "1794"]
[PlyCount "71"]
[EventDate "2020.05.??"]

1. e4 c6 2. d4 d5 3. Nc3 dxe4 4. Nxe4 Bf5 5. Ng3 Bg6 6. h4 h6 7. h5 Bh7 8. Nf3
Nd7 9. Bd3 Bxd3 10. Qxd3 Ngf6 11. Bd2 e6 12. O-O-O Bd6 13. Ne4 Nxe4 14. Qxe4
Qc7 15. Rh4 O-O-O 16. Kb1 Rhe8 17. c4 Be7 18. Rhh1 Bf6 19. Bc3 Nb6 20. b3 Nd7
21. Rhe1 Re7 22. Qe3 Rde8 23. Bb4 c5 24. dxc5 a5 25. Ba3 Nb8 26. c6 Nxc6 27.
Bxe7 Rxe7 28. Re2 e5 29. Qe4 Nd4 30. Nxd4 exd4 31. Qf5+ Kb8 32. Rde1 Rd7 33.
Re8+ Ka7 34. Qd3 b6 35. Qe4 d3 36. Qa8# 1-0

[Event "NK B Jeugd"]
[Site "Chess.com"]
[Date "2020.05.01"]
[Round "1"]
[White "De Winter, Arthur"]
[Black "Slagboom, Leandro"]
[Result "0-1"]
[WhiteElo "2478"]
[BlackElo "1908"]
[PlyCount "72"]
[EventDate "2020.05.??"]

1. e4 c5 2. Nf3 d6 3. d4 cxd4 4. Nxd4 Nf6 5. Nc3 a6 6. h3 e6 7. g4 h6 8. Bg2 g5
9. Be3 Nbd7 10. Qd2 Ne5 11. Qe2 Be7 12. O-O-O Nfd7 13. h4 Rg8 14. hxg5 hxg5 15.
Rh6 b5 16. Rdh1 Bf6 17. Nd5 exd5 18. Nf5 Qc7 19. f4 gxf4 20. g5 Bxg5 21. Rh8
Rxh8 22. Rxh8+ Nf8 23. Qh5 Bxf5 24. Qxg5 fxe3 25. exf5 Rc8 26. c3 b4 27. Qh6
Kd7 28. f6 bxc3 29. Bh3+ Kc6 30. Bxc8 cxb2+ 31. Kb1 Qxc8 32. Rxf8 Qf5+ 33. Kxb2
Nc4+ 34. Kc3 Qe5+ 35. Kd3 Qe4+ 36. Ke2 Qg2+ 0-1

[Event "NK B Jeugd"]
[Site "Chess.com"]
[Date "2020.05.01"]
[Round "1"]
[White "Labruyère, Roger"]
[Black "Wieggers, Wouter"]
[Result "1-0"]
[WhiteElo "1916"]
[BlackElo "1586"]
[PlyCount "69"]
[EventDate "2020.05.??"]

1. e4 c5 2. Nf3 Nc6 3. d4 cxd4 4. Nxd4 g6 5. c4 Bg7 6. Be3 Nf6 7. Nc3 O-O 8.
Be2 d6 9. O-O Bd7 10. f3 Qb6 11. Na4 Qb4 12. a3 Qa5 13. b4 Qa6 14. c5 b5 15.
Bxb5 Qb7 16. Bxc6 Bxc6 17. Nxc6 Qxc6 18. Rc1 Qd7 19. c6 Qc7 20. b5 Rab8 21. Nc3
Rfd8 22. Nd5 Nxd5 23. exd5 Rxb5 24. Qd3 Rdb8 25. Rb1 Rxb1 26. Rxb1 Rxb1+ 27.
Qxb1 Qa5 28. Qc1 Bb2 29. c7 Bxc1 30. c8=Q+ Kg7 31. Qxc1 Qxd5 32. Bh6+ Kf6 33.
Be3 a6 34. Qc3+ Qe5 35. Bd4 1-0

[Event "NK B Jeugd"]
[Site "Chess.com"]
[Date "2020.05.01"]
[Round "1"]
[White "Niemeijer, Léon"]
[Black "Huang, Wendy"]
[Result "0-1"]
[WhiteElo "1573"]
[BlackElo "1900"]
[PlyCount "116"]
[EventDate "2020.05.??"]

1. d4 Nf6 2. c4 e6 3. g3 Bb4+ 4. Bd2 Be7 5. Bg2 d5 6. Nf3 O-O 7. O-O c6 8. cxd5
exd5 9. Nc3 h6 10. Bf4 Bf5 11. Qd2 Nbd7 12. Rac1 Ne4 13. Nxe4 Bxe4 14. Ne5 Nxe5
15. dxe5 Bxg2 16. Kxg2 Re8 17. Be3 Qd7 18. f4 Rad8 19. Bd4 Qf5 20. Qd3 Qxd3 21.
exd3 Bf8 22. a3 Ra8 23. b4 a5 24. Bc5 axb4 25. axb4 Ra2+ 26. Kg1 Bxc5+ 27. bxc5
Rd2 28. Rf3 Ra8 29. Rb1 Ra5 30. Rxb7 Rxc5 31. Rb8+ Kh7 32. Rf8 Rc1+ 33. Rf1
Rcc2 34. Ra1 Rg2+ 35. Kf1 Rxh2 36. Kg1 Rcg2+ 37. Kf1 Rxg3 38. Rxf7 Rxd3 39. e6
Re3 40. e7 Rxe7 41. Rxe7 Rh1+ 42. Ke2 Rxa1 43. Rc7 Rc1 44. f5 Kg8 45. Kf2 c5
46. Ke3 d4+ 47. Ke4 Rc3 48. Ke5 d3 49. Rc8+ Kh7 50. Rd8 c4 51. Rd7 Kg8 52. Rd8+
Kf7 53. Rd7+ Ke8 54. Rxg7 d2 55. Ke6 Re3+ 56. Kf6 d1=Q 57. Rg8+ Kd7 58. Rg7+
Kc6 0-1

[Event "NK B Jeugd"]
[Site "Chess.com"]
[Date "2020.05.01"]
[Round "1"]
[White "Nitrauw, Peter"]
[Black "Wierenga, Jael"]
[Result "0-1"]
[WhiteElo "1647"]
[BlackElo "1945"]
[PlyCount "92"]
[EventDate "2020.05.??"]

1. e4 c5 2. d4 cxd4 3. c3 dxc3 4. Nxc3 d6 5. Nf3 Nc6 6. Bc4 e6 7. O-O a6 8. Qe2
b5 9. Bb3 Bb7 10. Rd1 Be7 11. Bf4 Nh6 12. Bxh6 gxh6 13. Qd2 Qc7 14. Rac1 O-O-O
15. Nd5 exd5 16. exd5 Kb8 17. dxc6 Ba8 18. Qxh6 Rhg8 19. Bxf7 Rg4 20. Qe6 Rg7
21. Ne5 dxe5 22. Rxd8+ Bxd8 23. Bh5 Bg5 24. Qe8+ Ka7 25. Rd1 Bxc6 26. Qf8 Bh6
27. Qc5+ Qb6 28. Qxb6+ Kxb6 29. f3 Be3+ 30. Kf1 b4 31. Ke2 Bd4 32. g3 Bb5+ 33.
Kd2 Rc7 34. b3 Bc3+ 35. Ke3 Bd4+ 36. Ke4 Be2 37. Rd2 Bb5 38. Bg4 Be8 39. Bf5
Rc3 40. Kd5 Bf7+ 41. Kd6 Rc6+ 42. Ke7 Rc7+ 43. Kd6 Bc5+ 44. Kxe5 Re7+ 45. Kf4
Be3+ 46. Kg4 Bxd2 0-1

[Event "NK B Jeugd"]
[Site "Chess.com"]
[Date "2020.05.01"]
[Round "1"]
[White "Pham, Khoi"]
[Black "Van der Hagen, Loek"]
[Result "0-1"]
[WhiteElo "1817"]
[BlackElo "2199"]
[PlyCount "42"]
[EventDate "2020.05.??"]

1. d4 g6 2. c4 Bg7 3. Nc3 d6 4. e4 e5 5. Be3 exd4 6. Bxd4 Nf6 7. Be2 Nc6 8. Be3
O-O 9. Qd2 Re8 10. f3 a6 11. h4 Nh5 12. g4 Ng3 13. Rh2 Nxe2 14. Ngxe2 Ne5 15.
Rf2 Nxc4 16. Qc1 Nxe3 17. Qxe3 Qxh4 18. Nf4 Bh6 19. Nce2 Bd7 20. Kf1 Qh1+ 21.
Ng1 Bb5+ 0-1

[Event "NK B Jeugd"]
[Site "Chess.com"]
[Date "2020.05.01"]
[Round "1"]
[White "Qi, Zimo"]
[Black "Maters, Arthur"]
[Result "1/2-1/2"]
[WhiteElo "1733"]
[BlackElo "1950"]
[PlyCount "117"]
[EventDate "2020.05.??"]

1. d4 Nf6 2. c4 g6 3. Nc3 d5 4. cxd5 Nxd5 5. e4 Nxc3 6. bxc3 Bg7 7. Nf3 O-O 8.
Be3 c5 9. Be2 Nc6 10. O-O Qc7 11. Qb3 Rd8 12. Rfd1 Na5 13. Qb2 Be6 14. Rac1 Nc4
15. Bxc4 Bxc4 16. dxc5 Qc6 17. e5 Qa4 18. Bd4 e6 19. Qxb7 Bd5 20. Qb2 Qxa2 21.
Qxa2 Bxa2 22. Ra1 Bc4 23. Rdb1 Bf8 24. c6 Rdc8 25. Rxa7 Rxa7 26. Bxa7 Rxc6 27.
Bd4 Ra6 28. Nd2 Bd3 29. Rc1 Bh6 30. Be3 Bxe3 31. fxe3 Ra2 32. Nf3 Ra4 33. Nd4
Kf8 34. Kf2 Be4 35. Ne2 Ra2 36. c4 Bd3 37. Re1 Bxc4 38. Kf3 Bxe2+ 39. Rxe2 Rxe2
40. Kxe2 Ke7 41. Kf3 Kd7 42. Ke4 Kc6 43. Kd4 Kb5 44. Kd3 Kc5 45. e4 Kb4 46. Kd4
Kb3 47. Kd3 h6 48. h3 Kb2 49. Kd2 Kb3 50. Kd3 Kb4 51. Kd4 Kb5 52. Kd3 Kc5 53.
Kc3 Kb5 54. Kd3 h5 55. h4 Kc5 56. Kc3 Kb5 57. Kd3 Kc5 58. Kc3 Kb5 59. Kd3
1/2-1/2

[Event "NK B Jeugd"]
[Site "Chess.com"]
[Date "2020.05.01"]
[Round "1"]
[White "Rutten, Alexander"]
[Black "Shakhverdian, William"]
[Result "1/2-1/2"]
[WhiteElo "1964"]
[BlackElo "2106"]
[PlyCount "104"]
[EventDate "2020.05.??"]

1. e4 e5 2. Nf3 Nc6 3. Bb5 Nf6 4. d4 Nxd4 5. Nxd4 exd4 6. O-O c6 7. Ba4 Bc5 8.
e5 Nd5 9. Nd2 O-O 10. Ne4 Be7 11. Qxd4 f5 12. Nc3 Nxc3 13. Qxc3 d5 14. exd6
Bxd6 15. Bb3+ Kh8 16. f4 Qc7 17. Be3 Bd7 18. Rad1 Be7 19. Bd4 Bf6 20. Rfe1 Rae8
21. Bxf6 Rxf6 22. Rxe8+ Bxe8 23. Qe3 Rf8 24. Qxa7 Qxf4 25. Qc5 Rg8 26. Bxg8
Kxg8 27. Re1 Bf7 28. a3 h5 29. Qe3 Qg4 30. Qe5 Bd5 31. Qe2 Qd4+ 32. Qf2 Qg4 33.
b3 h4 34. c4 Be4 35. h3 Qg6 36. Qd2 Qf6 37. b4 Qg6 38. Qd8+ Kf7 39. Qd7+ Kg8
40. Re2 Qh5 41. Qe6+ Kh7 42. Re1 Qg5 43. Rxe4 fxe4 44. Qxe4+ Kg8 45. a4 Qf6 46.
a5 Qa1+ 47. Kh2 Qf6 48. c5 Qg5 49. Qe8+ Kh7 50. Qe4+ Kg8 51. Qe8+ Kh7 52. Qe4+
Kg8 1/2-1/2

[Event "NK B Jeugd"]
[Site "Chess.com"]
[Date "2020.05.01"]
[Round "1"]
[White "Van Dael, Siem"]
[Black "Grooten, Tommy"]
[Result "1-0"]
[WhiteElo "2251"]
[BlackElo "1839"]
[PlyCount "129"]
[EventDate "2020.05.??"]

1. e4 c5 2. Nf3 e6 3. d4 cxd4 4. Nxd4 Nf6 5. Nc3 d6 6. g4 h6 7. h3 Be7 8. Bg2
a6 9. Be3 Qc7 10. Qd2 Nc6 11. Nxc6 bxc6 12. O-O Bb7 13. Rfd1 O-O 14. a4 Rfd8
15. a5 c5 16. Qe2 Rac8 17. Bf4 Nd7 18. Bg3 Nb8 19. e5 d5 20. f4 Nc6 21. f5 Nd4
22. Qf2 Bf8 23. Kh2 Qd7 24. Rf1 Rb8 25. Na4 Bc6 26. Nb6 Qc7 27. Ra3 Bb5 28. Re1
Nc6 29. f6 g6 30. Rae3 Nxa5 31. Nxd5 Qa7 32. Nc3 c4 33. Qf4 Kh7 34. h4 Rd4 35.
Be4 Bc6 36. h5 Bxe4 37. Rxe4 Rxe4 38. Qxe4 Qb7 39. hxg6+ fxg6 40. Rd1 Qxe4 41.
Nxe4 Rxb2 42. Rd7+ Kg8 43. f7+ Kg7 44. Bh4 g5 45. Be1 Rxc2+ 46. Kg3 Nc6 47. Bf2
Rxf2 48. Nxf2 Nxe5 49. Ra7 Bc5 50. Rxa6 Bxf2+ 51. Kxf2 Nxg4+ 52. Kg3 Ne5 53.
f8=Q+ Kxf8 54. Rxe6 Nf7 55. Rc6 Kg7 56. Rxc4 h5 57. Rc6 Ne5 58. Re6 Ng6 59. Ra6
Ne7 60. Kf3 Ng6 61. Ke4 Kh6 62. Kf5 h4 63. Rxg6+ Kh7 64. Rxg5 h3 65. Rh5+ 1-0

[Event "NK B Jeugd"]
[Site "Chess.com"]
[Date "2020.05.01"]
[Round "1"]
[White "Van Dam, Thijs"]
[Black "Achuthan, Dylan"]
[Result "0-1"]
[WhiteElo "2122"]
[BlackElo "1951"]
[PlyCount "82"]
[EventDate "2020.05.??"]

1. d4 Nf6 2. c4 g6 3. Nc3 Bg7 4. e4 d6 5. f4 c5 6. d5 O-O 7. Nf3 e6 8. dxe6
Bxe6 9. Bd3 Re8 10. O-O Nc6 11. f5 Bc8 12. fxg6 fxg6 13. Bg5 Bg4 14. h3 Bxf3
15. Qxf3 Ne5 16. Qd1 Rf8 17. Nd5 h6 18. Nxf6+ Bxf6 19. Bxh6 Rf7 20. Bc1 Qd7 21.
Rb1 Raf8 22. Bh6 Re8 23. Bf4 Qe6 24. Bxe5 Qxe5 25. Kh1 Ref8 26. Qg4 Kg7 27. Rf5
Qd4 28. Rd5 Qe3 29. e5 Bxe5 30. Qxg6+ Kh8 31. Qh5+ Kg8 32. Qe2 Qg3 33. Qg4+
Qxg4 34. hxg4 Rf6 35. g5 Rf4 36. g3 Rf3 37. Rg1 Bd4 38. Rg2 Rxd3 39. Rxd6 Rd1+
40. Kh2 Bg1+ 41. Rxg1 Rxd6 0-1

[Event "NK B Jeugd"]
[Site "Chess.com"]
[Date "2020.05.01"]
[Round "1"]
[White "Van Foreest, Machteld"]
[Black "Han, Yichen"]
[Result "1/2-1/2"]
[WhiteElo "2071"]
[BlackElo "1936"]
[PlyCount "74"]
[EventDate "2020.05.??"]

1. e4 e5 2. Nf3 Nc6 3. d4 exd4 4. Nxd4 Bc5 5. Nb3 Bb4+ 6. c3 Be7 7. Be3 Nf6 8.
N1d2 d5 9. Bd3 O-O 10. O-O Re8 11. Bf4 h6 12. Re1 Bd6 13. Bxd6 Qxd6 14. exd5
Rxe1+ 15. Qxe1 Qxd5 16. Bc4 Qe5 17. Nf3 Qxe1+ 18. Rxe1 Bg4 19. Ne5 Nxe5 20.
Rxe5 Re8 21. Rxe8+ Nxe8 22. f3 Bf5 23. Nd4 Nd6 24. Bd5 Bd7 25. Kf2 c6 26. Bb3
Kf8 27. Ke3 Ke7 28. g4 a5 29. a4 b5 30. axb5 cxb5 31. Bd5 b4 32. Kd3 bxc3 33.
bxc3 f5 34. Bc6 Bc8 35. Bd5 Bd7 36. Bc6 Bc8 37. Bd5 Bd7 1/2-1/2

[Event "NK B Jeugd"]
[Site "Chess.com"]
[Date "2020.05.01"]
[Round "1"]
[White "Van Foreest, Nanne"]
[Black "Elgersma, Onno"]
[Result "0-1"]
[WhiteElo "1873"]
[BlackElo "2299"]
[PlyCount "98"]
[EventDate "2020.05.??"]

1. e4 c6 2. d4 d5 3. e5 Bf5 4. h4 Qc8 5. Bd3 Bxd3 6. Qxd3 e6 7. Nf3 c5 8. O-O
Nc6 9. c3 Nge7 10. Be3 Nf5 11. Nbd2 Be7 12. Rac1 c4 13. Qe2 h5 14. b3 cxb3 15.
axb3 Nxh4 16. Nxh4 Bxh4 17. c4 Qd7 18. Nf3 Be7 19. cxd5 Qxd5 20. Rc3 h4 21.
Rfc1 h3 22. g3 a6 23. Kh2 Ba3 24. R1c2 Bb4 25. Rc4 Be7 26. Ne1 Rd8 27. Rd2 Bb4
28. Qg4 Rh7 29. Rcc2 Bxd2 30. Rxd2 Ne7 31. Rc2 Rc8 32. Qe2 Rh8 33. Rxc8+ Nxc8
34. Qc2 Qc6 35. Qe2 Ne7 36. Qg4 Nf5 37. d5 Qxd5 38. Qb4 Nxe3 39. fxe3 f6 40.
exf6 gxf6 41. Qc3 Ke7 42. Qc7+ Qd7 43. Qc5+ Qd6 44. Qc3 Rg8 45. e4 Rd8 46. Kxh3
Qd1 47. Qc7+ Rd7 48. Qc5+ Kf7 49. Qh5+ Qxh5+ 0-1

[Event "NK B Jeugd"]
[Site "Chess.com"]
[Date "2020.05.01"]
[Round "1"]
[White "Van Kuijk, Vadim"]
[Black "Smeets, Kobe"]
[Result "1-0"]
[WhiteElo "1788"]
[BlackElo "2006"]
[PlyCount "57"]
[EventDate "2020.05.??"]

1. d4 Nf6 2. c4 g6 3. g3 Bg7 4. Bg2 O-O 5. Nc3 d6 6. Nf3 Nbd7 7. O-O e5 8. Bg5
c6 9. Qd2 Qc7 10. Rac1 Qb6 11. Rfd1 exd4 12. Nxd4 Ne5 13. b3 Rd8 14. Nf3 Nxf3+
15. Bxf3 Bf5 16. e4 Be6 17. Qf4 Ne8 18. Bxd8 Rxd8 19. Rd3 Be5 20. Qe3 Qa5 21.
Rd2 Nc7 22. Ne2 Qa6 23. Rcd1 Ne8 24. Nf4 Bc8 25. Nd3 Bg7 26. e5 dxe5 27. Nxe5
Rxd2 28. Rxd2 Qa5 29. Nxc6 1-0

[Event "NK B Jeugd"]
[Site "Chess.com"]
[Date "2020.05.01"]
[Round "1"]
[White "Van Wijngaarden, Frank"]
[Black "Andringa, Ivo"]
[Result "1-0"]
[WhiteElo "1952"]
[BlackElo "1702"]
[PlyCount "99"]
[EventDate "2020.05.??"]

1. e4 e5 2. f4 exf4 3. Nf3 Nc6 4. d4 d6 5. Bxf4 Bg4 6. Bb5 a6 7. Ba4 b5 8. Bb3
Bxf3 9. gxf3 Qh4+ 10. Bg3 Qf6 11. Nc3 Nxd4 12. Nd5 Nxf3+ 13. Kf1 Nxh2+ 14. Kg2
Qd8 15. Rxh2 Ne7 16. Nxe7 Bxe7 17. Qf1 Bf6 18. Rd1 Qe7 19. Qf3 O-O 20. Rdh1 h6
21. Qg4 Bg5 22. Bh4 Bxh4 23. Rxh4 Kh7 24. R1h3 Qf6 25. Bd5 Rac8 26. Rg3 c6 27.
Rf3 Qxb2 28. Bxf7 Qxc2+ 29. Kg3 Rxf7 30. Rxf7 Qd3+ 31. Rf3 Qd1 32. Qf5+ Kg8 33.
Qxc8+ Kh7 34. Qf5+ Kg8 35. Qe6+ Kh7 36. Kg2 Qd2+ 37. Rf2 Qg5+ 38. Qg4 Qe5 39.
Qf5+ Qxf5 40. exf5 c5 41. f6 gxf6 42. Rxf6 d5 43. Rhxh6+ Kg7 44. Rhg6+ Kh7 45.
Rg5 d4 46. Rf3 Kh6 47. Rg8 Kh7 48. Rg4 d3 49. Rxd3 c4 50. Rh3# 1-0

[Event "NK B Jeugd"]
[Site "Chess.com"]
[Date "2020.05.01"]
[Round "1"]
[White "Verheul, Job"]
[Black "Li-Behn, Tobias"]
[Result "1/2-1/2"]
[WhiteElo "1962"]
[BlackElo "1744"]
[PlyCount "66"]
[EventDate "2020.05.??"]

1. e4 e5 2. Nf3 Nc6 3. Bb5 Nf6 4. O-O Nxe4 5. d4 Nd6 6. Bxc6 dxc6 7. dxe5 Nf5
8. Qxd8+ Kxd8 9. Nc3 Be6 10. h3 h5 11. Bf4 b6 12. Rad1+ Kc8 13. Ng5 Be7 14.
Nxe6 fxe6 15. Ne4 Kb7 16. Ng5 Bxg5 17. Bxg5 Rae8 18. Rd7 Kc8 19. Rfd1 Rhg8 20.
g4 hxg4 21. hxg4 Nd6 22. Re7 Rxe7 23. Bxe7 Nc4 24. Rd4 Nxe5 25. Re4 Kd7 26.
Rxe5 Kxe7 27. Kg2 Kf6 28. Re3 Rd8 29. Kg3 g5 30. Rf3+ Kg6 31. Re3 Kf6 32. Rf3+
Kg6 33. Re3 Kf6 1/2-1/2

[Event "NK B Jeugd"]
[Site "Chess.com"]
[Date "2020.05.01"]
[Round "2"]
[White "Albers, Sasa"]
[Black "Slagboom, Leandro"]
[Result "1/2-1/2"]
[WhiteElo "2076"]
[BlackElo "1912"]
[PlyCount "79"]
[EventDate "2020.05.??"]

1. e4 c5 2. Nf3 d6 3. d4 cxd4 4. Nxd4 Nf6 5. Nc3 a6 6. Be3 e5 7. Nb3 Be6 8. Qd2
Nbd7 9. O-O-O h5 10. f3 Be7 11. Kb1 Rc8 12. g3 b5 13. Nd5 Nxd5 14. exd5 Bf5 15.
Bd3 Bxd3 16. Qxd3 Qc7 17. Qd2 Nf6 18. Na5 Nxd5 19. Qxd5 Qxa5 20. f4 Qc7 21.
fxe5 dxe5 22. Rhf1 O-O 23. Rf2 Rcd8 24. Qf3 Rxd1+ 25. Qxd1 Bc5 26. Bxc5 Qxc5
27. Rd2 g6 28. Rd6 a5 29. Rd5 Qe7 30. Rxb5 e4 31. Rxa5 Rd8 32. Rd5 Rxd5 33.
Qxd5 e3 34. Qd1 e2 35. Qe1 Qe3 36. a4 Qf3 37. Kc1 Qe3+ 38. Kb1 Qf3 39. Kc1 Qe3+
40. Kb1 1/2-1/2

[Event "NK B Jeugd"]
[Site "Chess.com"]
[Date "2020.05.01"]
[Round "2"]
[White "Bakija, Alan"]
[Black "De Winter, Arthur"]
[Result "1/2-1/2"]
[WhiteElo "1803"]
[BlackElo "2470"]
[PlyCount "94"]
[EventDate "2020.05.??"]

1. Nf3 Nf6 2. g3 g6 3. Bg2 Bg7 4. O-O O-O 5. d4 d5 6. c4 c6 7. b3 Nbd7 8. Bb2
Ne4 9. Nbd2 Ndf6 10. Rc1 Bf5 11. Nh4 Be6 12. Nxe4 Nxe4 13. Nf3 dxc4 14. bxc4
Qb6 15. Ba1 Qa6 16. Qc2 Nd6 17. Nd2 Rac8 18. e4 b5 19. d5 cxd5 20. Bxg7 Kxg7
21. exd5 Bf5 22. Qb2+ Kg8 23. c5 Nc4 24. Nxc4 bxc4 25. Rfe1 Rb8 26. Qd2 Rfe8
27. Bf1 Qa3 28. Bxc4 Qxc5 29. Bb3 Qd6 30. Rc6 Qd7 31. Rec1 Rec8 32. Rxc8+ Rxc8
33. Rxc8+ Qxc8 34. Qe3 Qc7 35. Kg2 h5 36. h4 Qd7 37. Qf4 Kg7 38. Qe5+ f6 39.
Qd4 e5 40. Qc5 Qb7 41. f3 Qa6 42. Qe7+ Kh6 43. Qf8+ Kh7 44. Qf7+ Kh6 45. Qf8+
Kh7 46. Qf7+ Kh8 47. Qf8+ Kh7 1/2-1/2